000 00870nas a2200289 4500
001 BR9508002
003 BR-BrBNA
005 20231205095446.0
007 ta
008 230509b bl.|||p| |||| 00| 00por d
040 _aBR-BrBNA
_bpor
_cBiblioteca Nacional de Agricultura
041 _a(En)
072 _aL73
100 1 _aMachado, C.R.
100 1 _aBueno, S.L. de S.
100 1 _aMenck, C.F.M.
245 1 _aCloning shrimp Baculovirus penaei DNA and hybridization comparison with Autographa californica nuclear polyhedrosis virus
650 _aCamarao
650 _aBaculovirus
650 _aClone
650 _aDNA
650 _aHibridacao
650 _aLepidoptero
773 0 _tRevista Brasileira de Genetica (Brazil)
_xISSN 0100-8455
_g(Mar 1985), v. 18(1) p. 1-6
_wBR9508002
909 _a202311
_bLúcia
_c55
_dLúcia Elande
942 _2AGRIS
_n0
_cANA
999 _c150812
_d150812